|
|
|
|
| LEADER |
00843nam a22002177a 4500 |
| 001 |
19125 |
| 003 |
BD-DhAAL |
| 005 |
20230711140339.0 |
| 008 |
230710t2008 ii ||||| |||| 00| 0bben d |
| 040 |
|
|
|a BD-DhAAL
|d BD-DhAAL
|
| 041 |
|
|
|a ben
|
| 082 |
|
|
|a 954.035
|
| 100 |
|
|
|a দত্ত, অতনু.
|9 55015
|
| 245 |
|
|
|a বিনয়-বাদল-দীনেশ /
|c অতনু দত্ত.
|
| 260 |
|
|
|a কলিকতা :
|b সাহিত্যম,
|c ২০০৮
|
| 300 |
|
|
|a ৮৮ পৃষ্ঠা ;
|c ২২ সে.মি
|
| 650 |
|
|
|a Nationalism
|z India.
|
| 651 |
|
|
|a India
|x Politics and government
|y 1919-1947.
|
| 942 |
|
|
|2 ddc
|c BK
|
| 999 |
|
|
|c 45948
|d 45948
|
| 952 |
|
|
|0 0
|1 0
|2 ddc
|4 0
|6 954_035000000000000_DUT
|7 0
|9 73892
|a BIGD
|b BIGD
|c GEN
|d 2023-07-10
|l 0
|o 954.035 DUT
|p 3050019125
|r 2023-07-10
|t 1
|w 2023-07-10
|y BK
|x Transferred from BDI to BIGD.
|